| 000 -LEADER |
| fixed length control field |
00252nam a22001097a 4500 |
| 008 - FIXED-LENGTH DATA ELEMENTS--GENERAL INFORMATION |
| fixed length control field |
180803b xxu||||| |||| 00| 0 eng d |
| 082 ## - DEWEY DECIMAL CLASSIFICATION NUMBER |
| Classification number |
813.52 |
| 245 ## - TITLE STATEMENT |
| Title |
Patient Perspectives |
| Statement of responsibility, etc |
Johnson,J |
| 260 ## - PUBLICATION, DISTRIBUTION, ETC. (IMPRINT) |
| Date of publication, distribution, etc |
2003 |
| 300 ## - PHYSICAL DESCRIPTION |
| Extent |
1 |
| Type of unit |
Cassette |
| 942 ## - ADDED ENTRY ELEMENTS (KOHA) |
| Source of classification or shelving scheme |
|
| Item type |
Mixed Materials |